000 00531nam a2200193Ia 4500
005 20250326142808.0
008 250326s9999 xx 000 0 und d
037 _aTextbook
040 _aFMSL
_beng
_cFMSL
041 _aeng
_2eng
084 _aD658(B) M41
_qFMSL
100 _aRajaraman V
245 0 _aPrinciples of computer programming
_cRajaraman V
250 _aEd 2
260 _aPrentice-Hall
_bPrentice-Hall, of India
_c1984
300 _a151p
942 _cTB
_hD658(B) M41
999 _c1296670
_d1296670